|
|
|
|
| LEADER |
01514nam a2200265 a 4500 |
| 001 |
GR-MES2290 |
| 008 |
991111s1992 gr 000 0 gre d |
| 040 |
|
|
|a GrPaTEI
|b gre
|c GR-PaULI
|
| 245 |
0 |
0 |
|a Ευρωπαική κοινότητα,θεωρία και πολιτική της οικονομικής ολοκλήρωσης.
|
| 260 |
|
|
|a Πειραιάς :
|b Σταμούλης Α,
|c 1992
|
| 300 |
|
|
|a 193σελ. :
|b πιν.,διαγρ.
|
| 650 |
|
4 |
|a Αγορά
|
| 650 |
|
4 |
|a ΑΓΡΟΤΙΚΗ ΠΟΛΙΤΙΚΗ
|
| 650 |
|
4 |
|a ΕΛΛΗΝΙΚΗ ΒΙΟΜΗΧΑΝΙΑ
|
| 650 |
|
4 |
|a ΕΥΡΩΠΑΙΚΗ ΚΟΙΝΟΤΗΤΑ
|
| 650 |
|
4 |
|a ΝΟΜΙΣΜΑΤΙΚΗ ΕΝΟΠΟΙΗΣΗ
|
| 650 |
|
4 |
|a Οικονομία
|
| 700 |
1 |
|
|a Θεοδωρόπουλος, Σωτήρης
|
| 700 |
1 |
|
|a Καλαφάτης, Θανάσης
|
| 942 |
|
|
|2 ddc
|
| 952 |
|
|
|0 0
|1 0
|2 ddc
|4 0
|6 337_142000000000000_ΘΕΟ
|7 0
|9 266628
|a MSLG
|b MSLG
|c BSC
|d 2021-01-17
|e 24
|f 0
|g 0.00
|l 0
|o 337.142 ΘΕΟ
|p 2420000005519
|r 2021-01-17 00:00:00
|t 1
|w 2021-01-17
|y BK15
|x 19991111 0 1
|x GrPaTEI
|
| 952 |
|
|
|0 0
|1 0
|2 ddc
|4 0
|6 337_142000000000000_ΘΕΟ
|7 0
|9 266629
|a MSLG
|b MSLG
|c BSC
|d 2021-01-17
|e 24
|f 0
|g 0.00
|l 0
|o 337.142 ΘΕΟ
|p 2420000007093
|r 2021-01-17 00:00:00
|t 1
|w 2021-01-17
|y BK15
|x 19991111 0 1
|x GrPaTEI
|
| 952 |
|
|
|0 0
|1 0
|2 ddc
|4 0
|6 337_142000000000000_ΘΕΟ
|7 0
|9 266630
|a MSLG
|b MSLG
|c BSC
|d 2021-01-17
|e 24
|f 0
|g 0.00
|l 0
|o 337.142 ΘΕΟ
|p 2420000017772
|r 2021-01-17 00:00:00
|t 1
|w 2021-01-17
|y BK15
|x 20000202 0 1
|x GrPaTEI
|
| 971 |
|
|
|a .b25733345
|b 16-04-20
|c 13-09-16
|
| 999 |
|
|
|c 153415
|d 153415
|